Kraje najbliżej Gwinei - minutowy sprint - Statystyki

Ogólne statystyki
  • Ten quiz został rozwiązany 32 razy
  • Średni wynik to 13 z 20
Statystyki odpowiedzi
km kraj % Poprawnych
0 Gwinea Bissau
96%
1001 Niger
87%
875 Togo
87%
1137 Nigeria
83%
0 Senegal
83%
0 Côte d'Ivoire
78%
0 Sierra Leone
78%
0 Liberia
74%
0 Mali
74%
1657 Maroko
74%
280 Mauretania
74%
947 Benin
70%
267 Burkina Faso
65%
74 Gambia
65%
540 Ghana
65%
1409 Algieria
57%
1831 Kamerun
43%
1684 Hiszpania
17%
965 Sahara Zachodnia
17%
996 Cabo Verde
4%
Nie znaleziono quizów pasujących do podanych kryteriów
Rozkład punktacji
Procent ludzi z każdym wynikiem
Percentyl według liczby udzielonych odpowiedzi
Twoja historia wyników
Nie rozwiązałeś tego quizu